| 000 | 003390000a22001330004500 | ||
|---|---|---|---|
| 005 | 20120302064352.0 | ||
| 942 | _cBOOK | ||
| 100 | _a Deshmukh,Keshavrao Maharaj | ||
| 245 | _a Dnyaneshwariche Sulhabha gadya rupantar | ||
| 260 | _aPoona:Shripad Deshpande | ||
| 300 | _axvii;248p..-ill | ||
| 040 | _aMar | ||
| 650 | _aDnyaneshwari (Khand-1) | ||
| 999 |
_c361976 _d361973 |
||